| 000 | 01395nam2a2200289 4500 | ||
|---|---|---|---|
| 001 | RU\NLR\BIBL_A\022184447 | ||
| 005 | 20250128194045.0 | ||
| 035 | _a(NLR Aleph) 022184447 | ||
| 090 |
_a13321033 _c13321033 |
||
| 100 | _a20240401d1959 e y0rusy50 ca | ||
| 101 | 0 |
_aaze _crus |
|
| 102 | _aAZ | ||
| 105 | _aa ||||||||| | ||
| 200 | 1 |
_aорта мәктәбин 9-ҹу синфи үчүн _fК. В. Базилевич, проф., С. В. Бахрушин,проф., А. М. Панкратова, акад,, А. В. Фохт, дос. _gССРИ ЕА Тарих ин-ту |
|
| 205 | _a12-го изд. | ||
| 210 | _d1959 | ||
| 215 |
_a329,[3] с. _cил. |
||
| 461 | 0 |
_1001RU\NLR\BIBL_A\022184282 _12001#$aССРИ тарихи$gред.: А. М. Панкратова, акад.$vII һис. |
|
| 701 | 1 |
_aБазилевич _bК. В. _f1892-1950 _gКонстантин Васильевич _3RU\NLR\AUTH\770278682 _4070 |
|
| 701 | 1 |
_aБахрушин _bС. В. _f1882-1950 _gСергей Владимирович _3RU\NLR\AUTH\7718363 _4070 |
|
| 701 | 1 |
_aПанкратова _bА. М. _f1897-1957 _gАнна Михайловна _3RU\NLR\AUTH\770140521 _4070 |
|
| 701 | 1 |
_aФохт _bА. В. _f1899-1972 _gАнастасия Викторовна _3RU\NLR\AUTH\770278695 _4070 |
|
| 852 |
_aNLR _bОНЛ _jАзерб./3-5886 |
||
| 942 | _cBOOK | ||
| 980 | _aONL_RF | ||
| 980 | _aNB | ||